000 00523nam a2200169 i 4500
001 55774
003 ES-MaACL
005 20230906163221.0
007 t|
008 030926s1957 xxu ||||1| eng d
100 1 _aDewitt, David.
_944046
245 1 0 _aTransistor electronics /
_cDavid Dewitt, Arthur L. Rossoff.
260 _aNew York :
_bMcGraw-Hill Book Co.,
_c1957 (
_fThe Maple Press Company)
300 _aXX, 381 p. :
_bil. ;
_c23 cm.
700 1 _aRossoff, Arthur L.
_999908
852 _aES-MaACL
_jC-15384
_bR.43497
999 _c55774
_d55774